| 000 | 00837nam a2200301Ia 4500 | ||
|---|---|---|---|
| 008 | 160803s9999 xx 000 0 und d | ||
| 020 | _a9780375867965 | ||
| 100 | _aOsborne, Mary Pope | ||
| 245 | _aDogs in the dead night / | ||
| 245 | _cby Mary Pope Osborne ; illustrated by Sal Murdocca. | ||
| 260 | _aNew York : | ||
| 260 | _bScholastic Inc. | ||
| 260 | _c2011 | ||
| 300 | _a114 pages : | ||
| 300 | _billustrations ; | ||
| 300 | _c22 cm. | ||
| 650 | _aAlps, Swiss (Switzerland) -- History -- 19th century -- | ||
| 650 | _aMagic -- | ||
| 650 | _aSaint Bernard dog -- | ||
| 650 | _aSwitzerland -- History -- 1789-1815 -- | ||
| 650 | _aTime travel -- | ||
| 650 | _xFiction. | ||
| 650 | _xFiction. | ||
| 650 | _xFiction. | ||
| 650 | _xJuvenile fiction. | ||
| 650 | _xJuvenile fiction. | ||
| 700 | _a530 | ||
| 999 |
_c299561 _d299561 |
||